Bilecik Bilecik Bilecik Bilecik Bilecik

İşletmelerde stratejik liderlik/ (Record no. 2196)

MARC details
000 -BAŞLIK
Sabit Uzunluktaki Kontrol Alanı 01048nam a22003737a 4500
001 - KONTROL NUMARASI
Control Dosyası 0002209
003 - KONTROL NUMARASI KİMLİĞİ
Kontrol Alanı KOHA_MİRAKIL
005 - EN SON İŞLEM TARİHİ ve ZAMANI
Kontrol Alanı 20260207001307.0
007 - FİZİKSEL TANIM SABİT ALAN - GENEL BİLGİ
Sabit uzunluklu kontrol alanı ta
008 - SABİT UZUNLUKTAKİ VERİ ÖGELERİ - GENEL BİLGİ
Sabit Alan 090223b2004 tu |||gr||||#||||0|tur |
020 ## - ISBN - ULUSLARARASI STANDART KİTAP NUMARASI
Isbn 9752953751
040 ## - KATALOGLAMA KAYNAĞI
Özgün Kataloglama Kurumu TR-BiSEU
Kataloglama Dili tur
Çeviri Kurumu TR-BiSEU
Açıklama Kuralları rda
041 0# - DİL KODU
Metin ya da ses kaydının dil kodu tur
044 ## - YAYINLAYAN/ÜRETEN KURULUŞUN ÜLKE KODU
ISO country code tu
050 ## - SINIFLAMA ve YER NUMARASI
Sınıflama Numarası HD57.7
Yer Numarası .B47 2004
100 1# - KİŞİ ADI
Yazar Adı (Kişi adı) Besler, Senem.
245 1# - ESER ADI BİLDİRİMİ
Başlık İşletmelerde stratejik liderlik/
Sorumluluk Bildirimi Senem Besler ; Senem Besler.
264 #1 - ÜRERİM, YAYIN, DAĞITIM ve TELİF BİLDİRİMİ
Yayın yeri İstanbul :
Yayınlayan Beta
Yayın tarihi 2004
300 ## - FİZİKSEL TANIMLAMA
Sayfa, Cilt vb. IX, 196 sayfa: resimli
336 ## - İÇERİK TÜRÜ
Content type term metin
Content type code txt
Source rdacontent
337 ## - MEDYA TÜRÜ
Media type term aracısız
Media type code n
Source rdamedia
338 ## - TAŞIYICI TÜRÜ
Carrier type term cilt
Carrier type code nc
Source rdacarrier
490 1# - DİZİ BİLDİRİMİ
Dizi Bildirimi Yayın ;
Cilt Numarası no.
490 1# - DİZİ BİLDİRİMİ
Dizi Bildirimi 1493.
490 1# - DİZİ BİLDİRİMİ
Dizi Bildirimi İşletme-ekonomi dizisi ;
Cilt Numarası 144
500 ## - GENEL NOT
Genel Not Kaynakça var.
650 #0 - KONU BAŞLIĞI EK GİRİŞ - KONU TERİMİ
Konusal terim veya coğrafi ad Liderlik.
9 (RLIN) 3701
650 #0 - KONU BAŞLIĞI EK GİRİŞ - KONU TERİMİ
Konusal terim veya coğrafi ad Stratejik planlama.
9 (RLIN) 5288
650 #0 - KONU BAŞLIĞI EK GİRİŞ - KONU TERİMİ
Konusal terim veya coğrafi ad Yöneticilik yeteneği.
9 (RLIN) 6562
830 1# - SERİ EK GİRİŞİ - TEKBİÇİM ESER ADI
Tekbiçim Başlık Yayın ;
Volume number/sequential designation no.
9 (RLIN) 1557
830 1# - SERİ EK GİRİŞİ - TEKBİÇİM ESER ADI
Tekbiçim Başlık 1493.
9 (RLIN) 6563
830 1# - SERİ EK GİRİŞİ - TEKBİÇİM ESER ADI
Tekbiçim Başlık İşletme-ekonomi dizisi ;
Volume number/sequential designation 144
9 (RLIN) 6564
942 ## - EK GİRİŞ ÖGELERİ (KOHA)
Source of classification or shelving scheme Library of Congress Classification
Koha item type Book
Holdings
Materyal Türü Kalıcı Konum Mevcut Konum Raf Yeri Sınıflandırma Kaynağı Edinim Bilgisi Ana Konular Alt Konular Yer Numarası Demirbaş Numarası Fatura Tarihi Maliyet, Alış Fiyatı Maliyet, Yenileme Fiyatı Geri Çekilme Durumu Kayıp Durumu Hasarlı Durumu Kredi için değil Kayıt Tarih Toplam Ödünçverme Son Görülme Tarihi Son Kontrol Tarihi Genel / Bağış Notu
Book Prof. Dr. Azmi Özcan Kütüphanesi Prof. Dr. Azmi Özcan Kütüphanesi Uluğbey Salonu Library of Congress Classification Bağış SOSYAL BİLİMLER Endüstriler, Arazi Kullanımı, İşgücü HD57.7 .B47 2004 0002209 13/08/2010 8.00 8.00         23/02/2009 3 05/12/2024 05/12/2024 İİBF